000 00573nam a2200217Ia 4500
003 OSt
005 20230406121442.0
008 210423s2008 xx 000 0 und d
020 _a818864997
040 _cAL
041 _aeng
082 _a546
_223
_b PURB
100 _aPURI (B R);others.
_943643
245 _aPrinciples of inorganic chemistry.
260 _aNew Delhi
_bMilestone Publishers
_c2008
300 _axvi,1126,v
_bPB
365 _b460
_cINR
650 _aInorganic Chemistry
_943644
906 _achemistry. ; inorganic ; Principles
942 _2ddc
_cBK
999 _c153659
_d153659